| 000 | 00954nam a2200253 a 4500 | ||
|---|---|---|---|
| 001 | 26058 | ||
| 003 | CO-ViMGA | ||
| 005 | 20230915232144.0 | ||
| 008 | 141112s2004 ck r 000 u spa d | ||
| 020 | _a847978525X | ||
| 035 | _aAHN2370 LA | ||
| 040 |
_aCO-ViMGA _bspa _cCO-ViMGA |
||
| 041 | _aspa | ||
| 082 | 0 | 4 | _a363.11 R81g |
| 100 | 1 |
_aRubio Romero, Juan Carlos. _940673 |
|
| 245 | 1 | 0 |
_aGestión de la prevención de riesgos laborales : _bOHSAS 18001 - directrices OIT para su integración con calidad y medioambiente / _cJuan Carlos Rubio Romero. |
| 260 |
_aMadrid : _bDíaz de Santos, _c2002. |
||
| 300 | _axii, 221 p. : il. ; 22 cm. | ||
| 504 | _aIncluye bibliografía. | ||
| 650 | 1 | 4 |
_aPrevención de accidentes de trabajo. _915912 |
| 942 |
_2ddc _cBK |
||
| 949 | _an n | ||
| 999 |
_c33285 _d33285 |
||